Statistics for All Country Emblems of the World

Click here to take the quiz!

General Stats

  • This quiz has been taken 921 times
  • The average score is 88 of 196

Answer Stats

Answer% Correct
Kosovo
88%
Albania
84%
Lebanon
82%
Turkey
82%
Malta
79%
Austria
78%
Greece
77%
Iceland
77%
Slovakia
77%
Switzerland
77%
Croatia
75%
Syria
75%
Taiwan
75%
Egypt
74%
South Korea
74%
Ethiopia
73%
Somalia
73%
Iran
72%
United Arab Emirates
72%
Afghanistan
71%
Germany
71%
Tunisia
70%
Namibia
69%
Andorra
68%
Argentina
68%
Bahrain
68%
Belgium
68%
Madagascar
68%
Maldives
68%
Niger
68%
United States
68%
Dominican Republic
67%
Mauritania
67%
New Zealand
67%
Qatar
67%
Bosnia and Herzegovina
66%
Kenya
66%
Mozambique
66%
Moldova
65%
Togo
65%
Belarus
64%
Central African Republic
64%
El Salvador
64%
Kazakhstan
64%
Iraq
63%
Kuwait
63%
Portugal
63%
Turkmenistan
63%
China
62%
Mexico
62%
Morocco
62%
Australia
61%
Canada
61%
Ireland
61%
Uzbekistan
61%
Haiti
60%
Israel
60%
Kiribati
60%
Spain
60%
Ukraine
60%
Uruguay
60%
Vatican City
60%
Nepal
59%
Pakistan
59%
Philippines
59%
Serbia
59%
Slovenia
59%
Bolivia
58%
Hungary
57%
Myanmar
57%
Cameroon
56%
Poland
56%
Tanzania
56%
Thailand
56%
Belize
55%
Burkina Faso
55%
Laos
55%
Ecuador
54%
Montenegro
54%
Peru
54%
Tajikistan
54%
Vietnam
54%
India
53%
Nicaragua
53%
Bhutan
52%
San Marino
52%
Oman
51%
Singapore
51%
Yemen
51%
Colombia
50%
Mongolia
50%
Panama
49%
Sri Lanka
49%
United Kingdom
48%
North Korea
47%
Brazil
46%
Federated States of Micronesia
46%
France
46%
Russia
46%
Brunei
45%
Saudi Arabia
45%
Côte d'Ivoire
43%
Guatemala
43%
Guinea
43%
Equatorial Guinea
42%
Japan
42%
Kyrgyzstan
42%
Costa Rica
40%
Italy
40%
Tonga
40%
Azerbaijan
39%
Malaysia
39%
Swaziland
39%
Uganda
39%
Jordan
38%
Monaco
38%
Venezuela
38%
Finland
37%
Luxembourg
37%
Denmark
36%
Ghana
36%
Lithuania
36%
Czech Republic
34%
Norway
34%
Paraguay
34%
Zimbabwe
33%
Chile
32%
Eritrea
32%
Georgia
32%
Papua New Guinea
32%
Bangladesh
31%
Cambodia
31%
Estonia
31%
Netherlands
31%
Fiji
30%
Algeria
29%
Romania
29%
Samoa
29%
Sweden
29%
Angola
27%
Botswana
27%
Libya
26%
Zambia
26%
Cuba
25%
Nigeria
25%
Armenia
24%
Dominica
24%
East Timor
24%
Indonesia
24%
Liechtenstein
24%
Sudan
24%
Bulgaria
23%
Cyprus
23%
Gabon
23%
Guinea-Bissau
23%
Antigua and Barbuda
22%
Gambia
22%
Latvia
22%
Seychelles
22%
Trinidad and Tobago
22%
Comoros
21%
Democratic Republic of the Congo
21%
Grenada
21%
Mali
21%
Mauritius
21%
Palau
21%
Tuvalu
20%
Bahamas
19%
Honduras
19%
Lesotho
19%
Malawi
19%
Marshall Islands
19%
Republic of the Congo
19%
Senegal
19%
Suriname
19%
São Tomé and Príncipe
18%
South Africa
18%
Vanuatu
18%
Burundi
17%
Chad
17%
Jamaica
17%
Macedonia
17%
Rwanda
17%
Sierra Leone
17%
Barbados
16%
Benin
16%
Saint Vincent and the Grenadines
16%
Djibouti
15%
Saint Lucia
15%
South Sudan
15%
Nauru
14%
Solomon Islands
14%
Cape Verde
13%
Liberia
13%
Saint Kitts and Nevis
12%
Guyana
9%

Score Distribution

Percentile by Number Answered

Percent of People with Each Score

Your Score History

You have not taken this quiz